000 00469nam a2200169Ia 4500
999 _c13592
_d13592
003 OSt
005 20201015093404.0
008 190216s9999||||xx |||||||||||||| ||und||
040 _coclc
082 _a823.91
_bLAU/D
100 _aLaureates, Nobel
_94864
245 0 _aDrumbeats /
_cNobel Laureates
260 _bB I Publication,
_c1991.
_aBombay:
300 _a151p
650 _aEnglish Prose
942 _cBK
_2ddc
_h823.91
_iLAU/D
_k823.91
_mLAU/D